00516nam a2200193 a 4500001001300000003000900013005001700022008004100039020001000080082001500090100002200105245002300127260004900150300000800199500003500207505003200242650002600274700002200300nice12345678IN_TiNIC20260116012003.0050524s1976 mada grp 000 0 eng  ac1.500a232.1bPRE aPremsagar, Victor aHe Emptied Himself aMadras bChristian Literature Society c1976 a49p aincludes index and biblioraphy2 afour volumes bound together aJesus Christ-Divinity1 aPremsagar, Victor